=LDR 00000nam 2200000 4500 =001 INLIS000000000041798 =005 20251014042306 =035 ##$$a 0010-061300000041798 =008 251014################g##########0#ind## =082 ##$$a 307.760 959 812 =090 ##$$a 307.760 959 812, Pem p =245 ##$$a Pembinaan disiplin di lingkungan masyarakat kotamadya medan, /$c Drs Darmono M.ED =260 ##$$a Medan :$b Departemen pendidikan dan kebudayaan,$c 1994 =300 ##$$a xiv,127 hlm, : $b ilus ; $c 21 x 14 cm . =650 #4$$a Pembinaaan disiplin =700 #$$a Darmono M =850 ##$$a NBPNMAT =084 ##$$a 307.760 959 812 PEM =990 ##$$a 00087266 =990 ##$$a 00087266